[Event "9th Semana Santa Alicante"]
[Site "San Vicente ESP"]
[Date "2025.04.18"]
[Round "4.35"]
[White "Sanchez, Sebastian Felipe"]
[Black "Chavez Suarez, Carlos Alberto"]
[Result "1-0"]
[WhiteTitle "IM"]
[BlackTitle "FM"]
[WhiteElo "2415"]
[BlackElo "2308"]
[WhiteFideId "4403304"]
[BlackFideId "3520676"]
[EventDate "2025.04.16"]

1. Nf3 Nf6 2. g3 c5 3. c4 Nc6 4. Bg2 g6 5. Nc3 Bg7 6. d4 cxd4 7. Nxd4 O-O 8. O-O
a6 9. c5 Qa5 10. Nb3 Qd8 11. Bf4 Nh5 12. Bg5 h6 13. Be3 Ne5 14. Nd5 d6 15. cxd6
exd6 16. Bb6 Qd7 17. Rc1 Nc6 18. Qd2 Nf6 19. Nc7 Rb8 20. Rfd1 Qg4 21. h3 Qh5 22.
g4 Qe5 23. f4 Qe7 24. Qxd6 Qxe2 25. Rd2 Qe7 26. Qxe7 Nxe7 27. Ba7 Nd7 28. Nc5
Nxc5 29. Rxc5 b6 30. Rcc2 Rb7 31. Bxb7 Bxb7 32. Bxb6 Rc8 33. Rd7 Nd5 34. Nxd5
Rxc2 35. Rxb7 Rxb2 36. Rb8+ Kh7 37. Bc7 Bd4+ 38. Kf1 Rf2+ 39. Ke1 Rg2 40. Be5
Bxe5 41. fxe5 h5 42. Nf6+ Kh6 43. gxh5 Rxa2 44. Rh8+ Kg7 45. Rh7+ Kf8 46. hxg6
fxg6 47. e6 1-0

[Event "9th Semana Santa Alicante"]
[Site "San Vicente ESP"]
[Date "2025.04.18"]
[Round "4.36"]
[White "Silva Lucena, Cristian"]
[Black "Waldhausen Gordon, Frederick"]
[Result "1/2-1/2"]
[WhiteTitle "FM"]
[BlackTitle "FM"]
[WhiteElo "2289"]
[BlackElo "2407"]
[WhiteFideId "2232588"]
[BlackFideId "2409143"]
[EventDate "2025.04.16"]

1. e4 e5 2. Nf3 Nc6 3. c3 d5 4. Qa4 f6 5. Bb5 Ne7 6. exd5 Qxd5 7. d4 exd4 8. O-O
Bd7 9. Re1 O-O-O 10. cxd4 Qh5 11. Be2 Qa5 12. Qd1 Nd5 13. a3 Bb4 14. Nbd2 Bxd2
15. Qxd2 Qxd2 16. Bxd2 Rhe8 17. h3 a6 18. Bd3 g6 19. Rxe8 Rxe8 20. Kf1 Nce7 21.
Re1 Bb5 22. Bxb5 axb5 23. Ke2 Nf5+ 24. Kd3 Rxe1 25. Nxe1 Kd7 26. g3 h5 27. h4
Ke6 28. b3 Nd6 29. Ng2 Kf5 30. f3 g5 31. Bb4 Nf7 32. Be1 Nh8 33. hxg5 fxg5 34.
Bf2 Ng6 35. Be1 c6 36. Ke2 Nge7 37. Kd3 Ng6 38. Ke2 b6 39. Kd3 g4 40. Ke2 Nge7
41. Nh4+ Ke6 42. fxg4 hxg4 43. Bf2 Kf6 44. Kd3 Nf5 45. Ng2 Ke6 46. Be1 Kf6 47.
Bf2 Ke6 48. Be1 Kf6 1/2-1/2

[Event "9th Semana Santa Alicante"]
[Site "San Vicente ESP"]
[Date "2025.04.18"]
[Round "4.37"]
[White "Tonndorf, Matthias"]
[Black "Flores Quillas, Diego Saul Rodri"]
[Result "0-1"]
[WhiteTitle "FM"]
[BlackTitle "IM"]
[WhiteElo "2145"]
[BlackElo "2400"]
[WhiteFideId "4682033"]
[BlackFideId "3822508"]
[EventDate "2025.04.16"]

1. e4 c5 2. Nf3 d6 3. d4 cxd4 4. Nxd4 Nf6 5. Nc3 Nc6 6. Bg5 e6 7. Qd2 a6 8.
O-O-O Bd7 9. Kb1 Be7 10. f3 Nxd4 11. Qxd4 Qc7 12. h4 Rc8 13. Qd2 b5 14. Bd3 b4
15. Ne2 a5 16. c4 bxc3 17. Nxc3 Qb7 18. h5 h6 19. Be3 Bc6 20. Rc1 Rb8 21. g4 Nd7
22. Rh2 Nc5 23. Bf1 a4 24. Rc2 a3 25. Bf4 O-O 26. g5 Qxb2+ 27. Rxb2 Rxb2+ 28.
Qxb2 axb2 29. gxh6 gxh6 30. Bxh6 Ra8 31. Rxb2 Ra3 32. Bd2 Bf6 33. Kc2 Kh7 34.
Rb8 Be5 35. Rc8 Bd7 36. Rf8 Kg7 37. Rd8 Kh7 38. h6 Bxc3 39. Bxc3 Rxa2+ 40. Kb1
Rf2 41. Bc4 Rxf3 42. Bd4 Bc6 43. Rxd6 Bxe4+ 44. Ka2 Nd3 45. Bg7 Bd5 46. Bxd5
Nb4+ 47. Kb2 Nxd5 48. Rd8 Rh3 49. Rh8+ Kg6 50. Bf8 e5 51. Rg8+ Kf5 52. Rg7 Ke6
53. Rg4 Nf4 54. Bg7 f5 55. Rg1 e4 56. Ra1 e3 57. Ra6+ Kd5 58. Ra5+ Ke4 59. Re5+
Kf3 60. Rxf5 e2 61. Bc3 Kg4 0-1

[Event "9th Semana Santa Alicante"]
[Site "San Vicente ESP"]
[Date "2025.04.18"]
[Round "4.38"]
[White "Maltsevskaya, Aleksandra"]
[Black "Bhagat Kush"]
[Result "0-1"]
[WhiteTitle "IM"]
[BlackTitle "FM"]
[WhiteElo "2383"]
[BlackElo "2301"]
[WhiteFideId "24174041"]
[BlackFideId "46672940"]
[EventDate "2025.04.16"]

1. e4 c5 2. Nf3 d6 3. d4 cxd4 4. Nxd4 Nf6 5. Nc3 Nc6 6. Bg5 e6 7. Qd2 a6 8.
O-O-O Bd7 9. f4 Be7 10. Kb1 b5 11. Bxf6 Bxf6 12. Nf3 Be7 13. Bd3 b4 14. Ne2 Qb6
15. e5 d5 16. Rhf1 Bc5 17. Qe1 h6 18. g4 Na5 19. f5 Nc4 20. Bxc4 dxc4 21. Nf4
O-O-O 22. fxe6 fxe6 23. Nd2 Bb5 24. Qe4 g5 25. Ng6 Rhg8 26. Nxc4 Qb7 27. Rxd8+
Rxd8 28. Qxb7+ Kxb7 29. b3 Rd4 30. h3 Bxc4 31. bxc4 Rxc4 32. Rf6 Rc3 33. Rxe6
Rxh3 34. Kc1 Rg3 35. Re8 Rxg4 36. e6 Re4 37. e7 g4 38. Rg8 g3 39. Rg7 Kc6 40.
Nh4 Bxe7 41. Nf3 Bg5+ 42. Kd1 g2 43. Rf7 0-1

[Event "9th Semana Santa Alicante"]
[Site "San Vicente ESP"]
[Date "2025.04.18"]
[Round "4.39"]
[White "Hernandez Torralba, Jose Joaquin"]
[Black "Kiladze, Luka"]
[Result "0-1"]
[BlackTitle "FM"]
[WhiteElo "2087"]
[BlackElo "2380"]
[WhiteFideId "32030770"]
[BlackFideId "13623389"]
[EventDate "2025.04.16"]

1. d4 Nf6 2. c4 e6 3. Nf3 d5 4. Nc3 Ne4 5. e3 c6 6. Nd2 Nxc3 7. bxc3 Nd7 8. Bd3
Nf6 9. O-O Be7 10. Qb3 O-O 11. Ba3 b6 12. cxd5 cxd5 13. Bxe7 Qxe7 14. a4 Bd7 15.
a5 b5 16. a6 Rfc8 17. Bxb5 Rab8 18. Ra5 Qd8 19. Qa4 Rxc3 20. Nb1 Rcc8 0-1

[Event "9th Semana Santa Alicante"]
[Site "San Vicente ESP"]
[Date "2025.04.18"]
[Round "4.40"]
[White "Perea Fruet, Lorenzo"]
[Black "Shamatava, Nikolozi"]
[Result "1-0"]
[WhiteTitle "FM"]
[BlackTitle "FM"]
[WhiteElo "2374"]
[BlackElo "2292"]
[WhiteFideId "24595870"]
[BlackFideId "13619950"]
[EventDate "2025.04.16"]

1. e4 e6 2. d4 d5 3. Nc3 Nf6 4. e5 Nfd7 5. f4 c5 6. Nf3 Nc6 7. Be3 cxd4 8. Nxd4
Qb6 9. Qd2 Qxb2 10. Rb1 Qa3 11. Bb5 Nxd4 12. Bxd4 a6 13. Bxd7+ Bxd7 14. Rb3 Qe7
15. Rxb7 Qd8 16. Bb6 Qc8 17. Rc7 Qb8 18. Qd4 Bb5 19. f5 Be7 20. fxe6 fxe6 21.
Nxb5 axb5 22. O-O Ba3 23. Rc6 Kd7 24. Rxe6 Kxe6 25. Qg4+ Ke7 26. Qxg7+ Ke6 27.
Rf6+ Kxe5 28. Qg5+ 1-0

[Event "9th Semana Santa Alicante"]
[Site "San Vicente ESP"]
[Date "2025.04.18"]
[Round "5.1"]
[White "Murzin, Volodar"]
[Black "Ilinca, Felix-Antonio"]
[Result "1-0"]
[WhiteTitle "GM"]
[BlackTitle "IM"]
[WhiteElo "2658"]
[BlackElo "2397"]
[WhiteFideId "44155573"]
[BlackFideId "54764998"]
[EventDate "2025.04.16"]

1. e4 g6 2. d4 Bg7 3. Nc3 d6 4. Be3 a6 5. Nf3 b5 6. Bd3 Bb7 7. a4 b4 8. Ne2 Nf6
9. Ng3 Nbd7 10. a5 e5 11. dxe5 dxe5 12. O-O O-O 13. Qd2 Qe7 14. Rfd1 Rfd8 15. h3
Nf8 16. Qe1 h6 17. c3 b3 18. Ra3 c5 19. Qf1 Rac8 20. Nd2 Ne6 21. Rxb3 Nf4 22.
Bxa6 Bxa6 23. Qxa6 Ra8 24. Qb5 h5 25. Ra1 h4 26. Ngf1 Qe6 27. Bxf4 exf4 28. Qc4
Qc6 29. Rb5 Rdc8 30. a6 Rxa6 31. Rxc5 Qxc5 32. Qxc5 Rxc5 33. Rxa6 Nd7 34. Nh2
Rb5 35. Ra8+ Kh7 36. Ra2 Nc5 37. Nhf3 Nd3 38. Nc4 g5 39. Kf1 Kg6 40. b4 Rb8 41.
Rd2 Rc8 42. Rxd3 Rxc4 43. e5 Kf5 44. b5 Rc5 45. b6 Bxe5 46. Nxe5 Kxe5 47. b7 Rb5
48. Rd7 Ke6 49. Rc7 Rb2 50. c4 f5 51. c5 g4 52. Rc6+ Kd5 1-0

[Event "9th Semana Santa Alicante"]
[Site "San Vicente ESP"]
[Date "2025.04.18"]
[Round "5.2"]
[White "Suarez Uriel, Adrian"]
[Black "Zanan, Evgeny"]
[Result "0-1"]
[WhiteTitle "IM"]
[BlackTitle "GM"]
[WhiteElo "2388"]
[BlackElo "2454"]
[WhiteFideId "22230874"]
[BlackFideId "24101940"]
[EventDate "2025.04.16"]

1. e4 c5 2. Nf3 Nc6 3. Bb5 d6 4. O-O Bd7 5. Re1 Nf6 6. c3 a6 7. Bf1 Bg4 8. h3
Bxf3 9. Qxf3 e6 10. Qd1 d5 11. exd5 Nxd5 12. a3 Be7 13. b4 O-O 14. bxc5 Bxc5 15.
d4 Be7 16. a4 Rc8 17. c4 Ndb4 18. Bb2 Bf6 19. Re4 Qa5 20. Nd2 Rfd8 21. Nb3 Qf5
22. Qe2 a5 23. Rd1 b6 24. h4 h6 25. g4 Qh7 26. h5 g5 27. Bg2 Qg7 28. Re1 Rc7 29.
Rd1 Rcd7 30. Qd2 Nxd4 31. Nxd4 Bxd4 32. Bxd4 e5 33. Qe1 Rxd4 34. Rdxd4 exd4 35.
Re8+ Rxe8 36. Qxe8+ Qf8 37. Qd7 Qc5 38. Be4 Qe5 39. Bf5 Kg7 40. Bg6 Qf4 41. Bf5
Qc1+ 42. Kg2 Qxc4 43. Be4 Qc5 44. Bb1 Qd5+ 45. Qxd5 Nxd5 0-1

[Event "9th Semana Santa Alicante"]
[Site "San Vicente ESP"]
[Date "2025.04.18"]
[Round "5.3"]
[White "Smirnov, Mark"]
[Black "Prraneeth, Vuppala"]
[Result "1/2-1/2"]
[WhiteTitle "FM"]
[BlackTitle "GM"]
[WhiteElo "2336"]
[BlackElo "2433"]
[WhiteFideId "13764594"]
[BlackFideId "46622373"]
[EventDate "2025.04.16"]

1. e4 c5 2. Nf3 e6 3. d4 cxd4 4. Nxd4 Nc6 5. Bf4 Qf6 6. Be3 Bc5 7. c3 Qe7 8. Nd2
Nf6 9. f4 O-O 10. Bd3 b6 11. a3 Bb7 12. b4 Bxd4 13. cxd4 Rfd8 14. Qf3 Rab8 15.
Qh3 d5 16. e5 Ne4 17. Nf3 h6 18. O-O f5 19. exf6 Qxf6 20. Ne5 Rbc8 21. Rac1 Ne7
22. g4 Rxc1 23. Rxc1 Rc8 24. Rxc8+ Nxc8 25. Qf1 Ncd6 26. Qe1 b5 27. h3 Nc4 28.
Bc1 Qd8 29. Kg2 Qb6 30. Bxe4 dxe4 31. Be3 Bd5 32. Nxc4 bxc4 33. Qc3 Qa6 34. Kf2
h5 35. Bd2 Qa4 36. Ke2 Qb5 37. Kd1 Qd7 38. Kc1 Qd8 39. Qg3 hxg4 40. Qxg4 Qe8 41.
Qg3 Qf8 42. Qg6 a5 43. Kb2 axb4 44. axb4 Qa8 45. f5 Qa4 46. Bh6 Qxb4+ 47. Kc2
Qe7 48. fxe6 Qf6 49. Qe8+ Kh7 50. Bd2 Qf3 51. Qf7 Qxf7 52. exf7 Bxf7 53. h4 Kg6
54. Bg5 Kf5 55. Kc3 Kg4 56. d5 Kf3 57. Kxc4 e3 58. Kd4 1/2-1/2

[Event "9th Semana Santa Alicante"]
[Site "San Vicente ESP"]
[Date "2025.04.18"]
[Round "5.4"]
[White "Lu, Shanglei"]
[Black "Garcia Ramos, Daniel"]
[Result "1/2-1/2"]
[WhiteTitle "GM"]
[BlackTitle "IM"]
[WhiteElo "2618"]
[BlackElo "2428"]
[WhiteFideId "8603332"]
[BlackFideId "32010311"]
[EventDate "2025.04.16"]

1. e4 c6 2. d4 d5 3. e5 Bf5 4. g4 Bd7 5. Nc3 e6 6. Be3 Qc7 7. Nf3 c5 8. Nb5 Bxb5
9. Bxb5+ Nc6 10. c3 a6 11. Be2 Nge7 12. h4 h5 13. Ng5 Qb6 14. Rb1 cxd4 15. cxd4
Rc8 16. Kf1 Ng8 17. gxh5 Nh6 18. Kg2 Be7 19. a3 Nf5 20. Bd3 Nxe3+ 21. fxe3 Nxe5
22. dxe5 Bxg5 23. hxg5 Qxe3 24. g6 Qg5+ 25. Kf3 O-O 26. Qg1 Qd2 27. Rd1 fxg6+
28. Kg4 gxh5+ 29. Kh4 Qf4+ 30. Kh3 g5 31. Qg3 Kg7 32. Rhf1 g4+ 33. Kh4 Qh6 34.
Rxf8 Rxf8 35. Rf1 Rxf1 36. Bxf1 Kf8 37. Qf2+ Kg7 38. Bd3 Kg8 39. a4 a5 40. b3
Kg7 41. Qc5 g3 42. Qc7+ Kg8 43. Qc8+ Kg7 44. Qxb7+ Kg8 45. Qb8+ Kg7 46. Qb7+ Kg8
47. Qa8+ Kg7 48. Qa7+ Kh8 49. Kxg3 Qg5+ 50. Kf3 Qg4+ 51. Kf2 Qf4+ 52. Ke2 Qxe5+
53. Kd1 Kg8 54. Qxa5 Qa1+ 55. Kd2 Qb2+ 56. Bc2 Qd4+ 57. Kc1 h4 58. Qd8+ Kf7 59.
Qg5 Ke8 60. Kb1 Kd7 61. Qg6 Qf2 62. Kb2 Kd6 63. Qg4 Qg3 64. Qb4+ Kd7 65. Qb7+
Kd8 66. a5 Qe5+ 67. Ka3 Qc3 68. Qb6+ Kd7 69. Qb5+ Kc7 70. Qb6+ Kd7 71. Bg6 h3
72. Qb7+ Kd6 73. Qb8+ Qc7 74. Qf8+ Kc6 75. Qb4 Qd6 76. Bh5 e5 77. a6 h2 78. Bf3
e4 79. Qxd6+ Kxd6 80. a7 exf3 81. a8=Q h1=Q 82. Qf8+ Ke5 83. Qe7+ Kf4 84. Qf6+
Kg3 85. Qe5+ Kg2 86. Qxd5 Qa1+ 87. Kb4 Qe1+ 88. Ka3 Qe7+ 89. b4 Qe3+ 90. Ka4 Kg1
91. Qd1+ Kg2 92. Qd5 Kg3 93. Qd6+ Qf4 94. Qd3 Kh2 95. Qh7+ Kg2 96. Qg6+ Kf1 97.
Qd3+ Ke1 98. Qc3+ Ke2 99. Qc2+ Qd2 100. Qe4+ Qe3 101. Qc2+ Kf1 102. Qd1+ Kg2
103. Qd5 1/2-1/2

[Event "9th Semana Santa Alicante"]
[Site "San Vicente ESP"]
[Date "2025.04.18"]
[Round "5.5"]
[White "Gormally, Daniel W"]
[Black "Ivanchuk, Vasyl"]
[Result "1/2-1/2"]
[WhiteTitle "GM"]
[BlackTitle "GM"]
[WhiteElo "2428"]
[BlackElo "2604"]
[WhiteFideId "406465"]
[BlackFideId "14100010"]
[EventDate "2025.04.16"]

1. e4 e5 2. Nf3 Nc6 3. Bb5 Nf6 4. O-O Bc5 5. c3 O-O 6. d4 Bb6 7. dxe5 Nxe4 8.
Qd5 Nc5 9. Na3 d6 10. exd6 Be6 11. Qg5 cxd6 12. Qxd8 Rfxd8 13. Be3 a6 14. Be2
Na4 15. Bxb6 Nxb6 16. Rfd1 Na4 17. Rd2 b5 18. Bd1 Rab8 19. Bxa4 bxa4 20. Rad1 h6
21. h3 Rdc8 22. Ra1 Kf8 23. Nh2 Ne7 24. Nf3 Rb6 25. Nd4 Bd5 26. Nf5 Rc5 27. Ne3
Be6 28. c4 g5 29. Nd1 d5 30. Nc3 Rb4 31. cxd5 Nxd5 32. Ne2 Nf4 33. Nc3 Rc7 34.
Re1 Rcb7 35. Re4 a5 36. Re5 Rxb2 37. Rxb2 Rxb2 38. Rxa5 Nd3 39. Rxa4 Nxf2 40.
Rd4 g4 41. hxg4 Nxg4 42. Re4 h5 43. Re2 Rb8 44. Nab5 Bc4 45. Rb2 Bd3 46. g3 Re8
47. Rd2 Re3 48. Kg2 Nf6 49. Kf2 Ng4+ 50. Kg2 f5 51. Nd4 Ba6 52. Nce2 Ra3 53.
Nxf5 1/2-1/2

[Event "9th Semana Santa Alicante"]
[Site "San Vicente ESP"]
[Date "2025.04.18"]
[Round "5.6"]
[White "Kozak, Adam"]
[Black "Sanchez, Sebastian Felipe"]
[Result "1/2-1/2"]
[WhiteTitle "GM"]
[BlackTitle "IM"]
[WhiteElo "2598"]
[BlackElo "2415"]
[WhiteFideId "753246"]
[BlackFideId "4403304"]
[EventDate "2025.04.16"]

1. d4 Nf6 2. c4 e6 3. Nc3 Bb4 4. e3 O-O 5. Bd3 d5 6. a3 Bxc3+ 7. bxc3 dxc4 8.
Bxc4 c5 9. Ne2 Qc7 10. Ba2 b6 11. O-O Ba6 12. Re1 Nc6 13. Ng3 Rad8 14. Bb2 Na5
15. e4 e5 16. d5 Ne8 17. Bc1 Nd6 18. a4 f6 19. Bb1 Bc4 20. Bc2 Kh8 21. Rb1 Nab7
22. f4 Qd7 23. f5 Rf7 24. Qh5 Rg8 25. Qh4 Rff8 26. Rb2 g5 27. fxg6 Rxg6 28. Bd1
Qe7 29. Bh5 Rgg8 30. Bh6 Bd3 31. Rf2 c4 32. Re3 Nc5 33. Bxf8 Rxf8 34. Nf5 Nxf5
35. Rxf5 Qg7 36. Bd1 Qe7 37. Rh5 Rf7 38. Kh1 a5 39. Rh6 Qf8 40. Bf3 b5 41. axb5
a4 42. Re1 a3 43. b6 a2 44. Ra1 Bb1 45. h3 Nb3 46. b7 Rxb7 47. Rxf6 Qd8 48. Qh6
Rg7 49. Rxa2 Bxa2 50. Rd6 Qg5 51. Qe6 Nd2 52. Ra6 h5 53. Ra8+ Kh7 54. Qe8 Rg8
55. Qf7+ Rg7 56. Qe8 Rg8 57. Qf7+ Rg7 58. Qf8 Rg8 59. Ra7+ Kh8 60. Qf7 Rg7 61.
Ra8+ Kh7 62. Qe8 Rg8 63. Ra7+ Kh8 64. Qf7 Rg7 65. Qe8+ Rg8 66. Qf7 1/2-1/2

[Event "9th Semana Santa Alicante"]
[Site "San Vicente ESP"]
[Date "2025.04.18"]
[Round "5.7"]
[White "Oro, Faustino"]
[Black "Iturrizaga Bonelli, Eduardo"]
[Result "1/2-1/2"]
[WhiteTitle "IM"]
[BlackTitle "GM"]
[WhiteElo "2423"]
[BlackElo "2585"]
[WhiteFideId "20000197"]
[BlackFideId "3901211"]
[EventDate "2025.04.16"]

1. e4 c6 2. Nf3 d5 3. Nc3 Bg4 4. h3 Bxf3 5. Qxf3 e6 6. g3 Bc5 7. Bg2 Ne7 8. O-O
O-O 9. Na4 Bd6 10. d4 Nd7 11. Nc3 Qb6 12. Rd1 Rac8 13. Ne2 Rfe8 14. h4 Bb8 15.
c3 a6 16. Rb1 e5 17. Bh3 Rcd8 18. Bg5 dxe4 19. Qxe4 h6 20. Bxe7 1/2-1/2

[Event "9th Semana Santa Alicante"]
[Site "San Vicente ESP"]
[Date "2025.04.18"]
[Round "5.8"]
[White "Movsziszian, Karen"]
[Black "Vetokhin, Savva"]
[Result "0-1"]
[WhiteTitle "GM"]
[BlackTitle "GM"]
[WhiteElo "2417"]
[BlackElo "2549"]
[WhiteFideId "13301152"]
[BlackFideId "44144474"]
[EventDate "2025.04.16"]

1. g3 d5 2. Nf3 Nc6 3. d3 e5 4. a3 Be7 5. Bg2 Nf6 6. O-O O-O 7. Bg5 Be6 8. Nc3
d4 9. Bxf6 Bxf6 10. Ne4 Be7 11. c3 f5 12. Ned2 dxc3 13. bxc3 a5 14. a4 Bf6 15.
Qc2 Qd6 16. Rfd1 Rfd8 17. Rab1 Rab8 18. Nc4 Qd7 19. Nfd2 b6 20. Na3 Ne7 21. Ndc4
Ng6 22. d4 e4 23. d5 Bxd5 24. Ne3 Qe6 25. g4 fxg4 26. Nxd5 Rxd5 27. Rxd5 Qxd5
28. Qxe4 Qxe4 29. Bxe4 Nf4 30. Kf1 Re8 31. f3 gxf3 32. exf3 Rd8 33. Nb5 Rd2 34.
Nxc7 Bxc3 35. Rb5 Nh3 36. Bxh7+ Kh8 0-1

[Event "9th Semana Santa Alicante"]
[Site "San Vicente ESP"]
[Date "2025.04.18"]
[Round "5.9"]
[White "Sethuraman, S.P."]
[Black "Ladron De Guevara Pinto, Paolo"]
[Result "1/2-1/2"]
[WhiteTitle "GM"]
[BlackTitle "IM"]
[WhiteElo "2548"]
[BlackElo "2411"]
[WhiteFideId "5021596"]
[BlackFideId "2290847"]
[EventDate "2025.04.16"]

1. e4 e5 2. Nf3 Nc6 3. Bb5 a6 4. Ba4 Nf6 5. d3 d6 6. c3 g6 7. O-O Bg7 8. Re1 O-O
9. h3 b5 10. Bc2 a5 11. Nbd2 a4 12. Nf1 Bd7 13. d4 Re8 14. Bg5 h6 15. Bh4 Qc8
16. Qd2 Nh5 17. Rad1 Na5 18. Ne3 Be6 19. Bb1 Nc4 20. Nxc4 bxc4 21. Bc2 a3 22. b4
cxb3 23. axb3 a2 24. d5 Bd7 25. Ra1 c6 26. dxc6 Qxc6 27. c4 Ra6 28. Nh2 Qc5 1/2-1/2

[Event "9th Semana Santa Alicante"]
[Site "San Vicente ESP"]
[Date "2025.04.18"]
[Round "5.10"]
[White "Elsness, Frode"]
[Black "Heberla, Bartlomiej"]
[Result "1/2-1/2"]
[WhiteTitle "IM"]
[BlackTitle "GM"]
[WhiteElo "2408"]
[BlackElo "2523"]
[WhiteFideId "1501100"]
[BlackFideId "1115120"]
[EventDate "2025.04.16"]

1. d4 Nf6 2. c4 e6 3. Nf3 d5 4. g3 Ne4 5. Bg2 Be7 6. Nc3 f5 7. Qb3 c6 8. Ne5 Nd7
9. Bf4 Bf6 10. Nxd7 Qxd7 11. Rd1 b6 12. cxd5 cxd5 13. Nb5 g5 14. Bxe4 fxe4 15.
Bd6 Ba6 1/2-1/2

[Event "9th Semana Santa Alicante"]
[Site "San Vicente ESP"]
[Date "2025.04.18"]
[Round "5.11"]
[White "Almeida Quintana, Omar"]
[Black "Dudognon, Thibault"]
[Result "1-0"]
[WhiteTitle "GM"]
[BlackTitle "FM"]
[WhiteElo "2483"]
[BlackElo "2389"]
[WhiteFideId "3503313"]
[BlackFideId "20675569"]
[EventDate "2025.04.16"]

1. d4 Nf6 2. Nf3 g6 3. Bf4 Bg7 4. e3 O-O 5. h3 d6 6. Be2 Nfd7 7. O-O e5 8. Bh2
Nc6 9. Nc3 exd4 10. exd4 Nf6 11. d5 Ne7 12. Re1 Re8 13. Bc4 a6 14. a4 Bd7 15. a5
Nf5 16. Qd3 Rxe1+ 17. Rxe1 Qf8 18. b4 Re8 19. Rb1 Bc8 20. b5 Nd7 21. Na4 Ne5 22.
Nxe5 dxe5 23. bxa6 bxa6 24. Qd2 Nd6 25. Bf1 f5 26. Nc5 Bh6 27. Qc3 e4 28. Ne6
Bxe6 29. dxe6 e3 30. Qxc7 exf2+ 31. Kh1 Rxe6 32. Bg3 f4 33. Bxf2 f3 34. Rb8 Re8
35. Rxe8 fxg2+ 36. Kxg2 Nxe8 37. Qc4+ Kh8 38. Qxa6 Qe7 39. Qc6 Nc7 40. a6 Qg5+
41. Kh1 Qf4 42. Qc5 Bf8 43. Qd4+ Qxd4 44. Bxd4+ Bg7 45. Bxg7+ Kxg7 46. a7 Kf6
47. Bg2 1-0

[Event "9th Semana Santa Alicante"]
[Site "San Vicente ESP"]
[Date "2025.04.18"]
[Round "5.12"]
[White "Santiago, Yago De Moura"]
[Black "Tanriverdi, Enes"]
[Result "0-1"]
[WhiteTitle "GM"]
[BlackTitle "IM"]
[WhiteElo "2475"]
[BlackElo "2388"]
[WhiteFideId "2103877"]
[BlackFideId "34543279"]
[EventDate "2025.04.16"]

1. d4 Nf6 2. c4 e6 3. Nc3 Bb4 4. a3 Bxc3+ 5. bxc3 Nc6 6. f3 b6 7. e4 Ba6 8. Bd3
Na5 9. Qe2 d6 10. Nh3 e5 11. Bg5 h6 12. Bh4 g5 13. Bg3 Nh5 14. Nf2 Nf4 15. Bxf4
gxf4 16. c5 Bxd3 17. Nxd3 exd4 18. cxb6 axb6 19. Nxf4 dxc3 20. Qd3 Qg5 21. Qxc3
Qe5 22. Qxe5+ dxe5 23. Nd5 O-O-O 24. Rc1 Kb8 25. Rc3 Rd7 26. O-O Kb7 27. Rb1 f5
28. a4 h5 29. Rc5 Ra8 30. Nf6 Rd6 31. Nxh5 fxe4 32. fxe4 Nc6 33. Rc4 Nd4 34. Ng3
Ne6 35. Nf1 Rd4 36. Rxd4 exd4 37. h4 Rxa4 38. Ng3 c5 39. h5 c4 40. h6 Ra8 41.
Kf2 c3 42. Rh1 Ng5 43. Nf5 d3 44. Ke3 d2 45. Nd6+ Kc6 46. Nc4 Rd8 47. Kf4 Ne6+
48. Ke5 d1=Q 49. Rxd1 Rxd1 50. Ne3 Rh1 51. Kxe6 Rxh6+ 52. Kf7 Rh7+ 53. Ke6 Kc5 0-1

[Event "9th Semana Santa Alicante"]
[Site "San Vicente ESP"]
[Date "2025.04.18"]
[Round "5.13"]
[White "Fernandez Guillen, Ernesto J."]
[Black "Garza Marco, Sergio"]
[Result "1-0"]
[WhiteTitle "IM"]
[BlackTitle "IM"]
[WhiteElo "2474"]
[BlackElo "2386"]
[WhiteFideId "3512428"]
[BlackFideId "2210177"]
[EventDate "2025.04.16"]

1. e4 c5 2. Nf3 e6 3. d4 cxd4 4. Nxd4 Nf6 5. Bd3 Nc6 6. Nxc6 bxc6 7. O-O d5 8.
e5 Nd7 9. Re1 Nc5 10. Bf1 a5 11. g3 Be7 12. Qg4 g6 13. Bh6 Qb6 14. b3 Ne4 15.
Be3 Qb4 16. Qd1 f5 17. f3 Nc5 18. c3 Qb8 19. Nd2 Nd7 20. f4 c5 21. Bg2 Bb7 22.
Bf2 h5 23. Nf3 Kf7 24. Rb1 Qc7 25. Re2 Rhc8 26. h3 Ra6 27. g4 hxg4 28. hxg4 Rh8
29. Rc1 Qd8 30. b4 fxg4 31. Nh2 axb4 32. cxb4 g3 33. Bxg3 cxb4 34. Bf2 Nb6 35.
Rec2 Ba8 36. Rc7 Nc4 37. R1xc4 dxc4 38. Rd7 Qc8 39. Bxa8 Rxh2 40. Bb7 Qxd7 41.
Qxd7 Rxf2 42. Bxa6 Rxf4 43. Bb5 1-0

[Event "9th Semana Santa Alicante"]
[Site "San Vicente ESP"]
[Date "2025.04.18"]
[Round "5.14"]
[White "Flores Quillas, Diego Saul Rodri"]
[Black "Castellanos Rodriguez, Renier"]
[Result "1-0"]
[WhiteTitle "IM"]
[BlackTitle "GM"]
[WhiteElo "2400"]
[BlackElo "2471"]
[WhiteFideId "3822508"]
[BlackFideId "3404650"]
[EventDate "2025.04.16"]

1. e4 c5 2. Nf3 d6 3. d4 cxd4 4. Nxd4 Nf6 5. Nc3 a6 6. h3 e6 7. g4 Be7 8. Bg2
O-O 9. g5 Nfd7 10. h4 Nc6 11. Be3 Rb8 12. f4 Nxd4 13. Qxd4 b5 14. O-O-O b4 15.
Ne2 Qa5 16. Kb1 Nc5 17. h5 e5 18. Qd2 Bg4 19. f5 Na4 20. Ka1 Rfc8 21. f6 Nc3 22.
bxc3 bxc3 23. Nxc3 Rxc3 24. Rb1 Rxb1+ 25. Rxb1 Be6 26. Rb2 Bf8 27. fxg7 Kxg7 28.
g6 hxg6 29. Bh6+ Kg8 30. hxg6 fxg6 31. Bxf8 Kxf8 32. Qxd6+ Kg7 33. Qxe6 Rc7 34.
Qb6 Qc3 35. Bf1 Rf7 36. Bd3 Rf6 37. Qb4 1-0

[Event "9th Semana Santa Alicante"]
[Site "San Vicente ESP"]
[Date "2025.04.18"]
[Round "5.15"]
[White "Lianes Garcia, Marcos"]
[Black "Alonso Garcia, Aaron"]
[Result "1/2-1/2"]
[WhiteTitle "IM"]
[BlackTitle "IM"]
[WhiteElo "2383"]
[BlackElo "2462"]
[WhiteFideId "32060777"]
[BlackFideId "24521060"]
[EventDate "2025.04.16"]

1. d4 Nf6 2. c4 b6 3. Nc3 Bb7 4. Nf3 e6 5. a3 d5 6. Bg5 Nbd7 7. e3 dxc4 8. Bxc4
a6 9. O-O b5 10. Be2 c5 11. dxc5 Bxc5 12. b4 Be7 13. a4 Bxb4 1/2-1/2